Design Of Fiber Channel Based High Speed Serial Transmitter For Video Protocol On FPGA (Record no. 233597)

MARC details
000 -LEADER
fixed length control field 01017nam a2200145Ia 4500
008 - FIXED-LENGTH DATA ELEMENTS--GENERAL INFORMATION
fixed length control field 231221s9999 xx 000 0 und d
041 ## - LANGUAGE CODE
Language code of text/sound track or separate title English
082 ## - DEWEY DECIMAL CLASSIFICATION NUMBER
Classification number CPEC15-1072
100 ## - MAIN ENTRY--PERSONAL NAME
Personal name Naimahmed Nesaragi. Pradeep Kumar, B. Ananda, C M. Suganthi , J.
245 #0 - TITLE STATEMENT
Title Design Of Fiber Channel Based High Speed Serial Transmitter For Video Protocol On FPGA
260 ## - PUBLICATION, DISTRIBUTION, ETC.
Date of publication, distribution, etc. 2015
500 ## - GENERAL NOTE
General note Design Of Fiber Channel Based High Speed Serial Transmitter For Video Protocol On FPGA Naimahmed Nesaragi , B. , Dr. C.M. Ananda , J.Suganthi P E S Institute of Technology, Bangalore, India Aerospace Electronics and Systems Division, CSIR National Aerospace Laboratories, Bangalore, India Email: naimahmed.nesaragi@gmail.com, pradeepkumar@nal.res.in, ananda_cm@nal.res.in, suganthij@pes.edu 12th IEEE and IFIP International Conference on Wireless and Optical Communication Networks WOCN 2015 Conference Program. September 2015.
650 ## - SUBJECT ADDED ENTRY--TOPICAL TERM
Topical term or geographic name entry element Fiber,Channel,High,Speed,Serial,Transmitter,Protocol,FPGA
942 ## - ADDED ENTRY ELEMENTS (KOHA)
Koha item type Institutional repository
Holdings
Date last seen Total checkouts Full call number Accession number Price effective from Category Lost status Damaged status Department Withdrawn status Home library Current library Shelving location Entry date Grants Currency symbol Conversion rate Discount Old discount
26/01/2024   CPEC15-1072 IR1072 26/01/2024 Institutional repository     EC   Central Library Central Library Central Library   EC RS 1    

© For any Suggestions or Query, please contact the library staff @ librarian@pes.edu or Phone: +9180 2672 1983/ 2108.